Las penas infamantes en la Codificacin̤ Penal Francesa

Detalles Bibliográficos
Autor principal: Caįzares-Navarro, Juan B.
Formato: eBook
Lenguaje:español
Publicado: Madrid: Dykinson, 2019
Materias:
Acceso en línea:Acceso restringido

MARC

LEADER 00000nam a22000007a 4500
005 20200422222112.0
007 cr|||| ||||
008 200422s2019 es |||||s|||| 00||0 spa d
020 |a 978-84-1324-673-4 
035 |a 31544 
040 |a vLex 
090 |c 10340  |d 10340 
100 1 |a Caįzares-Navarro, Juan B. 
245 1 3 |a Las penas infamantes en la Codificacin̤ Penal Francesa  |h [Recurso electrn̤ico] /  |c Juan B. Caįzares-Navarro 
256 |a Servicio en ln̕ea 
260 |a Madrid:  |b Dykinson,  |c 2019 
300 |a 1 recurso electrn̤ico 
506 1 |a Disponible solo en los productos indicados  |d vLex Global  |d vLex Global (Academic Edition, excluding Law Schools)  |d vLex Global (U.S. Academic Edition, Law Schools)  |d vLex Global (U.S. Academic Edition, excluding Law Schools)  |d vLex Global (Academic Edition, Law Schools) 
650 0 4 |a Derecho Penal  |z Espaą 
650 0 4 |a Derecho Internacional  |z Espaą 
740 0 |a vLex Libros (Servicio en ln̕ea) 
856 4 0 |u http://vlex.com/source/penas-infamantes-codificacion-penal-francesa-31544  |z Acceso restringido 
942 |c BOOK 
999 0 |a Criminal Law 
999 0 |a International Law